| 000 | 00646nam a2200181 a 4500 | ||
|---|---|---|---|
| 001 | 000038885 | ||
| 005 | 20201002031415.0 | ||
| 008 | 130501s1964 ag 000 0 spa d | ||
| 040 |
_aDO-SdBNP _bspa _cBNPHU |
||
| 100 | 1 |
_aOsman Hill, W. C. _965156 |
|
| 240 | 1 | 0 |
_aMan as an Animal _lEspañol |
| 245 | 1 | 3 |
_aEl hombre como animal / _cW. C. Osman Hill ; traducida por Osvaldo A. Reig y Estela Santilli de Reig. |
| 260 |
_aBuenos Aires : _bUniversitaria de Buenos Aires , _c1964. |
||
| 300 |
_a235 p. : ; _c18 cm. |
||
| 500 | _aTraducido del idioma inglés | ||
| 700 | 1 |
_aReig, Osvaldo A. _etr. _965157 |
|
| 700 | 1 |
_aSantilli de Reig, Estela _etr. _965158 |
|
| 999 |
_c38375 _d38375 |
||